00522nam a2200217Ia 4500003000900000008004100009040001300050040001300063041000800076100001500084245007900099250001100178260002300189260000900212300001100221300001200232490000600244600002500250700002000275700000900295IT-RoPAU120407s9999 xx 000 0 und d aIT-RoPAU cIT-RoPAU afra aMichel Bon a"Bon Michel- D’Arc Antoine Rapport sur l’homosexualitè de l’homme" aParis. aEd. Universitaires c1974 a524 p. c23,5 cm v1 aD’Arc Antoin coll. aAntoine D’Arc ccoll